000
00293nam a22001337a 4500
008
181003b xxu||||| |||| 00| 0 eng d
020
_a
9780297796565
041
_a
eng
080
_a
94
100
_a
17
101
_a
HIS
245
_a
Chronicles of the crusades
_c
Hallam,E
942
_2
udc
_c
BK
999
_c
48796
_d
48796